000 00704nam0a22002291 4500
001 rc\2887196
005 20250529214525.0
035 _a(NLR Aleph) 007039716
090 _a6085245
_c6085245
100 _a20110722d1930 |||y0rusy50 ca
101 0 _arus
102 _aRU
105 _ay z |||||
200 1 _aЛьготы в законе о сельхозналоге на 1930-31 г.
_fД. Нариманбейли
210 _aБаку
_cБ. и.
_d1930
_gТип. "Красный Восток"
215 _a98 с.
_d17 см
700 1 _aНариманбейли
_bД.
_gДжамиль
801 0 _aRU
_bNLR
_gpsbo
801 1 _aRU
_bELAR
_2rusmarc
852 _aNLR
_j30.8/8031
942 _cBOOK
980 _aNB